[Event "26th Abu Dhabi Master 2019"]
[Site "Abu Dhabi"]
[Date "2019.08.03"]
[Round "3.24"]
[White "Paichadze, Luka"]
[Black "Vaishali R"]
[Result "1-0"]
[WhiteElo "2567"]
[BlackElo "2344"]
[Annotator "ChessBase"]
[PlyCount "51"]
[EventDate "2019.08.02"]
[EventType "swiss"]
[EventCountry "UAE"]
[SourceTitle "playchess.com"]
[Source "ChessBase"]
[SourceQuality "1"]
[TimeControl "5400+30"]

1. e4 {[%emt 0:05:55]} c5 {[%emt 0:00:00]} 2. Nf3 {[%emt 0:00:34]} Nc6 {[%emt 0:00:05]} 3. Bb5 {[%emt 0:00:15]} g6 {[%emt 0:00:06]} 4. O-O {[%emt 0:00:22]} Bg7 {[%emt 0:00:05]} 5. c3 {[%emt 0:01:02]} Nf6 {[%emt 0:01:09]} 6. Re1 {[%emt 0:04:15]} O-O {[%emt 0:00:47]} 7. h3 {[%emt 0:00:48]} d5 {[%emt 0:10:41]} 8. e5 {[%emt 0:00:22]} Ne8 {[%emt 0:00:19]} 9. d4 {[%emt 0:00:41]} cxd4 {[%emt 0:00:47]} 10. cxd4 {[%emt 0:00:24]} Nc7 {[%emt 0:00:51]} 11. Bxc6 {[%emt 0:00:39]} bxc6 {[%emt 0:00:03]} 12. Nbd2 {[%emt 0:00:54]} Ne6 {[%emt 0:04:04]} 13. Nb3 {[%emt 0:00:18]} h6 {[%emt 0:09:06]} 14. Bd2 {[%emt 0:01:01]} a5 {[%emt 0:07:26]} 15. a4 {[%emt 0:08:39]} Qb6 {[%emt 0:04:01]} 16. Ra3 {[%emt 0:16:26]} Bd7 {[%emt 0:05:52]} 17. Bc3 {[%emt 0:00:23]} Rfb8 {[%emt 0:17:31]} 18. Qd2 {[%emt 0:02:00]} c5 {[%emt 0:02:58]} 19. Bxa5 {[%emt 0:03:11]} Qa7 {[%emt 0:02:43]} 20. dxc5 {[%emt 0:08:22]} Rxb3 {[%emt 0:11:17]} 21. Rxb3 {[%emt 0:00:15]} Nxc5 {[%emt 0:00:47]} 22. Ra3 {[%emt 0:01:47]} Ne4 {[%emt 0:02:42]} 23. Qxd5 {[%emt 0:01:08]} Qxf2+ {[%emt 0:02:49]} 24. Kh1 {[%emt 0:00:14]} Bxh3 {[%emt 0:05:18]} 25. Qxa8+ {[%emt 0:01:08]} Bf8 {[%emt 0:00:02]} 26. Nh4 {[%emt 0:01:40]} 1-0

[Event "26th Abu Dhabi Master 2019"]
[Site "Abu Dhabi"]
[Date "2019.08.03"]
[Round "3.25"]
[White "Dimakiling, Oliver"]
[Black "Praggnanandhaa R"]
[Result "1/2-1/2"]
[WhiteElo "2403"]
[BlackElo "2540"]
[Annotator "TA"]
[PlyCount "105"]
[EventDate "2019.08.02"]
[EventType "swiss"]
[EventCountry "UAE"]
[SourceTitle "playchess.com"]
[Source "ChessBase"]
[SourceQuality "1"]

{[%evp 9,105,0,0,0,0,0,0,0,6,0,9,14,9,0,10,14,18,16,22,0,-8,0,0,0,0,-2,0,0,0,-16,0,-18,0,0,2,0,171,25,25,14,2,0,0,-12,-16,-41,0,-14,-12,-14,0,0,-1,-58,-20,-35,-21,-15,-18,-22,0,-8,-19,-12,-12,-12,0,0,0,2,2,0,21,26,68,0,0,0,0,0,0,0,0,0,0,0,0,0,0,0,0,0,0,0,0,0,0,0]} 1. Nf3 Nf6 2. e3 b6 (2... d5 3. Be2 e6 4. O-O b6 5. c4 Bd6 6. b3 O-O 7. Bb2 Bb7 8. Nc3 a6 9. Qc2 Nbd7 10. Rad1 Rc8 {1-0 (84) Nakamura,H (2777)-Hou,Y (2658) chess.com INT 2018}) 3. a4 a5 $146 ({Predecessor:} 3... Bb7 4. Be2 e6 5. O-O Be7 6. b3 O-O 7. Ba3 d5 8. Bxe7 Qxe7 9. a5 Na6 10. Qc1 {1-0 (81) Bennett,D (1933)-O'Gorman,B (1706) Nottingham 2018}) 4. Be2 Bb7 5. O-O g6 6. d4 {A05: Réti Opening: 1 Nf3 Nf6} Bg7 7. Nbd2 O-O 8. c3 d6 9. b4 Nd5 10. Qb3 axb4 11. cxb4 c5 12. bxc5 dxc5 13. Bb2 Nd7 14. Bb5 cxd4 15. exd4 N7f6 16. Rfe1 Nc7 17. Bc4 Nfd5 18. Ne4 Ra7 19. h4 Ne6 20. g3 h5 21. Ne5 Qa8 22. Nd2 {next Nxg6! is good for White.} Rd8 $2 {[#]} (22... Bxe5 $1 $11 {and Black has nothing to worry.} 23. Rxe5 Nec7) 23. Ndf3 ({White has to play} 23. Nxg6 $1 $18 {[%mdl 512]} Nxd4 (23... fxg6 24. Rxe6) 24. Qd3) 23... Nf8 $1 $11 24. Bb5 e6 25. Rac1 Ne7 26. Rc3 Bd5 27. Qa3 Rc8 {[#] Strongly threatening ...Rxc3.} 28. Rxc8 Qxc8 29. Rc1 Qa8 {Threatens to win with ...f6.} 30. Ne1 Nf5 31. Qb4 ({Better is} 31. Qc3 $11) 31... Qd8 (31... Bxe5 $5 32. dxe5 Nd7 $15) 32. Bc6 Ne7 {Hoping for ...Bxe5.} 33. Bxd5 Nxd5 34. Qb3 {Black must now prevent Nc6.} Rc7 35. N1d3 Rxc1+ 36. Bxc1 Nd7 37. Qc4 Bf6 38. Nc6 Qa8 39. Nf4 Nxf4 40. Bxf4 Kg7 41. Qb5 Qf8 42. Ne5 (42. Qa6 $14) 42... Bxe5 $1 {The position is equal.} 43. dxe5 Qc8 44. Be3 Qc7 45. Bd4 Kf8 46. Kh2 Ke7 47. Qb4+ Ke8 48. Qb5 Ke7 49. Qb4+ Ke8 50. Qb5 Kd8 51. Be3 Kc8 52. Bd4 Kd8 53. Be3 {Accuracy: White = 55%, Black = 65%.} 1/2-1/2

[Event "26th Abu Dhabi Master 2019"]
[Site "Abu Dhabi"]
[Date "2019.08.03"]
[Round "3.26"]
[White "Santos Ruiz, Miguel"]
[Black "Soham Kamotra"]
[Result "1-0"]
[WhiteElo "2567"]
[BlackElo "2136"]
[Annotator "ChessBase"]
[PlyCount "71"]
[EventDate "2019.08.02"]
[EventType "swiss"]
[EventCountry "UAE"]
[SourceTitle "playchess.com"]
[Source "ChessBase"]
[SourceQuality "1"]
[TimeControl "5400+30"]

1. e4 {[%emt 0:00:00]} c6 {[%emt 0:00:00]} 2. d4 {[%emt 0:00:00]} d5 {[%emt 0:00:00]} 3. exd5 {[%emt 0:00:00]} cxd5 {[%emt 0:00:00]} 4. Bd3 {[%emt 0:00:00]} Nc6 {[%emt 0:00:00]} 5. c3 {[%emt 0:00:00]} Qc7 {[%emt 0:00:02]} 6. h3 {[%emt 0:00:04]} g6 {[%emt 0:00:06]} 7. Nf3 {[%emt 0:01:11]} Bf5 {[%emt 0:00:30]} 8. Be2 {[%emt 0:10:15]} Bg7 {[%emt 0:04:51]} 9. Be3 {[%emt 0:07:06]} Nf6 {[%emt 0:01:16]} 10. Nbd2 {[%emt 0:00:04]} O-O {[%emt 0:00:10]} 11. O-O {[%emt 0:00:03]} Rad8 {[%emt 0:06:28]} 12. Re1 {[%emt 0:05:12]} Rfe8 {[%emt 0:02:21]} 13. Bf1 {[%emt 0:03:34]} Ne4 {[%emt 0:03:12]} 14. Qc1 {[%emt 0:02:25]} Nd6 {[%emt 0:06:30]} 15. Bf4 {[%emt 0:07:50]} b6 {[%emt 0:03:14]} 16. Ne5 {[%emt 0:11:57]} f6 {[%emt 0:05:52]} 17. Nxc6 {[%emt 0:01:31]} Qxc6 {[%emt 0:00:05]} 18. Qd1 {[%emt 0:05:01]} e5 {[%emt 0:01:34]} 19. dxe5 {[%emt 0:01:58]} fxe5 {[%emt 0:00:06]} 20. Bh2 {[%emt 0:00:32]} Nc4 {[%emt 0:15:21]} 21. g4 {[%emt 0:04:54]} Bh6 {[%emt 0:08:32]} 22. gxf5 {[%emt 0:03:20]} Bxd2 {[%emt 0:02:29]} 23. Re2 {[%emt 0:02:48]} Bf4 {[%emt 0:11:28]} 24. Bxf4 {[%emt 0:03:33]} exf4 {[%emt 0:00:30]} 25. Rxe8+ {[%emt 0:00:43]} Rxe8 {[%emt 0:02:32]} 26. Bg2 {[%emt 0:00:55]} Re5 {[%emt 0:00:02]} 27. b3 {[%emt 0:01:02]} Nd6 {[%emt 0:01:04]} 28. c4 {[%emt 0:01:03]} Qc5 {[%emt 0:00:40]} 29. Bxd5+ {[%emt 0:01:35]} Kg7 {[%emt 0:01:41]} 30. fxg6 {[%emt 0:01:09]} Rg5+ {[%emt 0:01:20]} 31. Kf1 {[%emt 0:00:18]} Nf5 {[%emt 0:06:19]} 32. Qd2 {[%emt 0:10:57]} hxg6 {[%emt 0:05:54]} 33. Re1 {[%emt 0:00:55]} Qf8 {[%emt 0:05:14]} 34. Bf3 {[%emt 0:03:28]} Qf6 {[%emt 0:03:05]} 35. Qxf4 {[%emt 0:00:42]} Ne3+ {[%emt 0:00:05]} 36. Qxe3 {[%emt 0:00:09]} 1-0

[Event "26th Abu Dhabi Master 2019"]
[Site "Abu Dhabi"]
[Date "2019.08.03"]
[Round "3.27"]
[White "Onischuk, Vladimir"]
[Black "Viani Antonio Dcunha"]
[Result "1/2-1/2"]
[WhiteElo "2637"]
[BlackElo "2371"]
[Annotator "TA"]
[PlyCount "79"]
[EventDate "2019.08.02"]
[EventType "swiss"]
[EventCountry "UAE"]
[SourceTitle "playchess.com"]
[Source "ChessBase"]
[SourceQuality "1"]

{[%evp 15,79,3,15,12,13,0,27,0,0,0,0,0,0,-15,-10,-26,-10,-37,-29,-29,-29,-38,-29,-31,-22,-62,-47,-47,-39,-62,-45,-72,-28,-70,-62,-57,-32,-65,-96,-129,-47,-78,-34,-34,-32,-32,-31,-31,-29,-32,-29,-68,-49,-67,-62,-72,0,0,0,0,0,0,0,-4,-2,-5]} 1. e4 e5 2. Nf3 Nc6 3. Bb5 a6 4. Ba4 Nf6 5. O-O Bc5 6. d3 b5 7. Bb3 d6 8. c3 h6 9. Nbd2 {C78: Ruy Lopez: Archangelsk and Möller Defences} (9. Re1 O-O 10. Nbd2 Ne7 11. a4 b4 12. d4 bxc3 13. bxc3 exd4 14. cxd4 Bb4 15. Re3 Ng6 16. h3 a5 {0-1 (65) Zhigalko,S (2638)-Giri,A (2762) Heraklio 2017}) 9... O-O 10. h3 Be6 11. Bc2 {White has an edge.} Bb6 12. Re1 Re8 13. a4 b4 $146 ({Predecessor:} 13... Rb8 14. Nf1 d5 15. Bd2 Qd6 16. Nh4 Qe7 17. axb5 axb5 {½-½ (57) McShane,L (2470)-Turner,M (2475) England 1998}) 14. Nb3 d5 $36 {[%mdl 2048] Black has good play.} 15. Qe2 Rb8 16. c4 dxc4 17. dxc4 Nd7 18. Be3 {Black should prevent c5.} Bxe3 19. Qxe3 Qe7 20. c5 Rbd8 21. Rec1 Ndb8 22. Bd1 a5 23. Nbd2 Qd7 24. Nc4 Bxc4 25. Rxc4 Nd4 26. Nxd4 exd4 27. Qd3 {[#]} Qe7 (27... Qc6 $1 $17 28. Bg4 Qxe4 29. Qxe4 Rxe4) 28. Rxd4 $15 Rxd4 (28... Nd7 {is interesting.} 29. Qc2 Nxc5 30. Rxd8 Rxd8 31. Bg4 Rd4) 29. Qxd4 Qxe4 30. Qxe4 Rxe4 {[%mdl 4096] Endgame KRB-KRN} 31. Bf3 Rd4 32. Rc1 $1 Kf8 33. c6 b3 $1 34. Rc5 Rxa4 35. Rb5 Rb4 (35... Na6 $17 {And now ...Ra1+ would win.} 36. Kh2 Nb4) 36. Rxa5 $11 {Threatens to win with Ra7.The position is equal.} Ke7 37. Kf1 Rc4 38. Re5+ Kf6 39. Rb5 Nxc6 40. Bxc6 {Accuracy: White = 49%, Black = 53%.} 1/2-1/2

[Event "26th Abu Dhabi Master 2019"]
[Site "Abu Dhabi"]
[Date "2019.08.03"]
[Round "3.28"]
[White "Nandhidhaa, P V"]
[Black "Ter-Sahakyan, Samvel"]
[Result "0-1"]
[WhiteElo "2259"]
[BlackElo "2625"]
[Annotator "TA"]
[PlyCount "86"]
[EventDate "2019.08.02"]
[EventType "swiss"]
[EventCountry "UAE"]
[SourceTitle "playchess.com"]
[Source "ChessBase"]
[SourceQuality "1"]

{[%evp 10,86,25,8,26,10,6,9,33,14,22,15,11,0,0,0,0,0,48,-12,-17,-29,-26,-64,-63,-97,-65,-123,-115,-146,-133,-130,-41,-47,-38,-50,-44,-41,-50,-120,-114,-189,-111,-140,-95,-110,-81,-124,-99,-117,-114,-114,-120,-114,-79,-89,-86,-122,-124,-132,-129,-133,-138,-258,-242,-243,-257,-286,-283,-309,-230,-1416,-1416,-1264,-262,-29989,-29990,-29990,-29991]} 1. e4 c5 2. Nf3 d6 3. d4 cxd4 4. Nxd4 Nf6 5. Nc3 a6 6. Nb3 Nbd7 {B90: Sicilian Najdorf: Unusual White 6th moves, 6 Be3 Ng4 and 6 Be3 e5} (6... g6 7. Be3 Bg7 8. Qd2 Ng4 9. Bg5 h6 10. Bh4 g5 11. Bg3 Nc6 12. Be2 Nge5 13. h4 gxh4 14. Bxh4 {0-1 (35) Alekseenko,K (2638)-Nepomniachtchi,I (2763) St Petersburg 2018}) 7. a4 b6 8. f3 h5 $146 {The position is equal.} ({Predecessor:} 8... Bb7 9. Bf4 Rc8 10. Nd2 e5 11. Bg5 h6 12. Bh4 Be7 13. Nc4 Rc6 14. Bf2 {1-0 (70) Kanarek,M (2535)-Nitin,S (2375) Panevezys 2016}) 9. Bf4 g6 10. Qd2 Bg7 11. O-O-O Bb7 12. Kb1 Qc7 13. Be2 Ne5 14. Bxe5 (14. h3 $14) 14... dxe5 $11 15. Qe3 O-O 16. g4 Rfc8 17. g5 Nd7 18. Rd2 (18. Qd3 $15 Nc5 19. Qc4) 18... e6 $17 19. Rhd1 Bc6 $1 20. Bb5 Nb8 ({Black should try} 20... axb5 $17 21. axb5 Nc5 $1 {[%mdl 512]} 22. bxc6 Qxc6) 21. Bxc6 $15 Nxc6 22. Rd7 Qb8 23. Ne2 Bf8 24. Ng3 (24. c3 $15) 24... Rc7 $17 25. c3 (25. R7d2 $17) 25... Qc8 (25... Rxd7 $19 26. Rxd7 b5) 26. Qd3 Raa7 27. Rxc7 Rxc7 28. Nf1 Qb7 29. Ne3 b5 {[%cal Bb6b5,Bb5b4,Bb4b3][%mdl 32]} 30. a5 Qa7 31. h4 Rb7 32. Nc2 Qb8 33. Qe3 {[#]} b4 $1 {[%cal Rb4c3] Strongly threatening ...bxc3.} 34. c4 Qc7 35. Nc5 b3 36. Na3 (36. Na1 $17 Bxc5 37. Qxc5) 36... Bxc5 $1 $19 37. Qxc5 {intending Rd6.} Nxa5 38. Qd6 Nxc4 39. Qd8+ Kh7 {( -> ...Nxa3+)} 40. Nxc4 $2 (40. Qxc7 Rxc7 41. Nxc4 Rxc4 42. Rd3) 40... Qxc4 41. Rc1 Qd4 $2 (41... Qe2 42. Qd6 Qxf3) 42. Qf8 $2 (42. Qxd4 $19 exd4 43. Rc6) 42... Qd3+ 43. Ka1 {[#]} Rc7 $1 {[%mdl 576] Back Rank. Accuracy: White = 28%, Black = 69%.} 0-1

[Event "26th Abu Dhabi Master 2019"]
[Site "Abu Dhabi"]
[Date "2019.08.03"]
[Round "3.29"]
[White "Shevchenko, Kirill"]
[Black "Kathmale, Sameer"]
[Result "1/2-1/2"]
[WhiteElo "2536"]
[BlackElo "2326"]
[Annotator "TA"]
[PlyCount "127"]
[EventDate "2019.08.02"]
[EventType "swiss"]
[EventCountry "UAE"]
[SourceTitle "playchess.com"]
[Source "ChessBase"]
[SourceQuality "1"]

{[%evp 19,127,54,75,53,54,47,48,33,40,27,26,31,75,42,62,-23,-29,-26,22,30,24,31,80,28,215,221,221,205,175,199,189,192,181,137,146,104,89,0,25,0,0,0,0,0,0,-152,-151,-133,-14,-14,-14,-14,-14,-13,-34,-86,-103,-80,-33,-36,-41,-40,-33,-30,-40,-62,-60,-62,-62,-61,-9,-8,-8,-8,-8,-8,-8,-10,-8,-9,-10,-16,-12,-24,-24,-33,-24,-32,-8,-8,-8,-13,-8,-8,-8,-8,-8,-8,-8,-8,-8,-8,-8,-8,-8,-8,-8,-8,-8,-8]} 1. d4 Nf6 2. c4 g6 3. Nc3 Bg7 4. e4 d6 5. Nf3 O-O 6. Be3 Nbd7 7. Be2 e5 8. O-O exd4 9. Nxd4 Re8 10. f3 c6 11. Nc2 {E94: King's Indian: Classical: 6 Be2 e5 7 0-0: Various Black 7th moves} (11. Qd2 a6 12. Rad1 Ne5 13. Bf2 b5 14. cxb5 axb5 15. Nc2 Bf8 16. Kh1 Be6 17. Bh4 Be7 18. Nd4 b4 19. Nxe6 bxc3 20. Nxd8 cxd2 {0-1 (86) Urkedal,F (2572)-Ehlvest,J (2536) chess.com INT 2018}) 11... Nb6 12. Bd4 Be6 13. b3 {White is slightly better.} c5 14. Bf2 $146 ({Predecessor:} 14. Be3 Ng4 15. Bd2 Ne5 16. Rc1 f5 17. Ne3 Nc6 18. exf5 gxf5 {½-½ (43) Arabidze,M (2348)-Khurtsidze,N (2428) Tbilisi 2013}) 14... Nh5 $1 15. Qd2 f5 16. Rad1 Be5 17. Nd5 (17. g3 $14) 17... Bxd5 18. cxd5 Nf4 (18... Bf4 $5 {[%cal Rf4d2]} 19. Qe1 fxe4 $15) 19. Bb5 Rf8 20. exf5 Qg5 {[%csl Gf4][%cal Rg5g2]} 21. Be3 ({White should play} 21. g3 $1 $16) 21... Kh8 $2 (21... Qxf5 $11 {and Black is okay.} 22. g3 Nfxd5) 22. g3 $1 $18 a6 23. Bc4 ({Not} 23. Bxf4 Bxf4 24. Qxf4 Qxf4 $17) 23... Nxc4 24. bxc4 Nh3+ 25. Kg2 Qxf5 26. Qd3 Qh5 27. Qe4 {aiming for Qg4.} h6 28. f4 (28. Rde1 $16) 28... Qg4 29. Kh1 {Bxc5 is the strong threat.} g5 30. Bxc5 gxf4 $40 {[%mdl 128] Strongly threatening ...Ng5. White needs to defend precisely.} 31. Bd4 Rae8 32. gxf4 $2 ({Better is} 32. Rde1 $11) 32... Rxf4 $17 33. Qg2 {[#]} Bxd4 (33... Rg8 $1 $17 {[%csl Gg8][%cal Rg4g2]} 34. Qxg4 Rfxg4) 34. Qxg4 $11 Rxg4 35. Rxd4 Ree4 36. Rxe4 Rxe4 {[%mdl 4096] Endgame KRN-KRN} 37. Rf6 (37. Rf3 $15 Nf4 38. Ne3) 37... Kg7 $17 38. Rf3 (38. Rxd6 {leads to mate.} Rg4 39. Rd7+ Kf8 40. Rd8+ {[#]} Ke7 $1 {[%mdl 512]} 41. Re8+ Kxe8 42. Ne3 Rg1#) 38... Rxc4 39. Ne3 Rc1+ 40. Kg2 Ng5 41. Rf4 Ra1 42. a4 Ra2+ 43. Kf1 Rxh2 44. Rb4 $1 {[#]} b5 $1 45. axb5 axb5 46. Nf5+ Kf6 47. Nxd6 Ke5 48. Nxb5 Kxd5 49. Nc3+ Ke5 50. Rg4 Kf5 51. Rg2 Rh1+ 52. Ke2 h5 53. Nd5 h4 {White should prevent ...Rb1.} 54. Rf2+ {The position is equal.} Ke5 {Threatens to win with ...Ne4.} 55. Ne3 Nh3 56. Ng4+ Ke4 {White must now prevent ...Ng1+.} 57. Rh2 Rxh2+ 58. Nxh2 $11 {KN-KN} Ng5 59. Kf2 Kf4 60. Kg2 $1 h3+ 61. Kg1 Ke3 62. Ng4+ Kf3 63. Nf2 {[#]} h2+ $1 {[%mdl 512]} 64. Kxh2 {Accuracy: White = 57%, Black = 47%.} 1/2-1/2

[Event "26th Abu Dhabi Master 2019"]
[Site "Abu Dhabi"]
[Date "2019.08.03"]
[Round "3.30"]
[White "Mullick, Raahil"]
[Black "Kiriakov, Petr"]
[Result "1/2-1/2"]
[WhiteElo "2211"]
[BlackElo "2516"]
[Annotator "ChessBase"]
[PlyCount "32"]
[EventDate "2019.08.02"]
[EventType "swiss"]
[EventCountry "UAE"]
[SourceTitle "playchess.com"]
[Source "ChessBase"]
[SourceQuality "1"]
[TimeControl "5400+30"]

1. e4 {[%emt 0:00:09]} e6 {[%emt 0:00:00]} 2. d4 {[%emt 0:00:14]} d5 {[%emt 0:00:00]} 3. Nc3 {[%emt 0:00:12]} Nf6 {[%emt 0:00:33]} 4. e5 {[%emt 0:00:03]} Nfd7 {[%emt 0:00:07]} 5. f4 {[%emt 0:00:14]} c5 {[%emt 0:00:27]} 6. Nf3 {[%emt 0:00:04]} Nc6 {[%emt 0:00:07]} 7. Be3 {[%emt 0:00:04]} h6 {[%emt 0:12:31]} 8. Qd2 {[%emt 0:00:18]} g5 {[%emt 0:00:22]} 9. dxc5 {[%emt 0:00:04]} gxf4 {[%emt 0:00:19]} 10. Bxf4 {[%emt 0:00:15]} Nxc5 {[%emt 0:00:29]} 11. O-O-O {[%emt 0:00:24]} a6 {[%emt 0:02:09]} 12. Kb1 {[%emt 0:08:47]} b5 {[%emt 0:10:10]} 13. Bd3 {[%emt 0:09:18]} Qa5 {[%emt 0:05:50]} 14. Ne2 {[%emt 0:13:49]} Qxd2 {[%emt 0:08:39]} 15. Rxd2 {[%emt 0:00:59]} Ne4 16. Bxe4 dxe4 1/2-1/2

[Event "26th Abu Dhabi Master 2019"]
[Site "Abu Dhabi"]
[Date "2019.08.03"]
[Round "3.31"]
[White "Aronyak Ghosh"]
[Black "Kuybokarov, Temur"]
[Result "1/2-1/2"]
[WhiteElo "2349"]
[BlackElo "2511"]
[Annotator "ChessBase"]
[PlyCount "65"]
[EventDate "2019.08.02"]
[EventType "swiss"]
[EventCountry "UAE"]
[SourceTitle "playchess.com"]
[Source "ChessBase"]
[SourceQuality "1"]
[TimeControl "5400+30"]

1. c4 {[%emt 0:00:03]} e5 {[%emt 0:00:11]} 2. Nc3 {[%emt 0:00:09]} Nf6 {[%emt 0:00:19]} 3. Nf3 {[%emt 0:00:55]} Nc6 {[%emt 0:00:08]} 4. d3 {[%emt 0:02:32]} d5 {[%emt 0:01:19]} 5. cxd5 {[%emt 0:00:53]} Nxd5 {[%emt 0:00:06]} 6. e4 {[%emt 0:00:48]} Nxc3 {[%emt 0:00:46]} 7. bxc3 {[%emt 0:00:08]} Bc5 {[%emt 0:00:39]} 8. Be2 {[%emt 0:01:45]} O-O {[%emt 0:00:21]} 9. O-O {[%emt 0:06:03]} Qd6 {[%emt 0:00:07]} 10. Nd2 {[%emt 0:04:05]} Be6 {[%emt 0:08:39]} 11. Nb3 {[%emt 0:00:46]} Bb6 {[%emt 0:15:10]} 12. a4 {[%emt 0:00:32]} Rfd8 {[%emt 0:02:32]} 13. Ba3 {[%emt 0:01:14]} Qd7 {[%emt 0:00:06]} 14. Nc5 {[%emt 0:20:48]} Bxc5 {[%emt 0:00:34]} 15. Bxc5 {[%emt 0:00:02]} b6 {[%emt 0:07:40]} 16. Be3 {[%emt 0:00:32]} f5 {[%emt 0:03:09]} 17. exf5 {[%emt 0:02:59]} Bxf5 {[%emt 0:00:17]} 18. Qb3+ {[%emt 0:00:40]} Be6 {[%emt 0:04:18]} 19. Qb5 {[%emt 0:02:45]} a6 {[%emt 0:02:53]} 20. Qb2 {[%emt 0:00:21]} Rf8 {[%emt 0:06:05]} 21. Rad1 {[%emt 0:02:40]} Rae8 {[%emt 0:03:43]} 22. f3 {[%emt 0:06:20]} h6 {[%emt 0:04:11]} 23. Rfe1 {[%emt 0:01:12]} Qf7 {[%emt 0:02:10]} 24. Bf1 {[%emt 0:04:30]} Rd8 {[%emt 0:07:13]} 25. Bf2 {[%emt 0:01:30]} Rfe8 {[%emt 0:02:40]} 26. Bg3 {[%emt 0:02:37]} Bf5 {[%emt 0:00:29]} 27. Re3 {[%emt 0:00:59]} Kh7 {[%emt 0:03:07]} 28. Rde1 {[%emt 0:04:37]} Qg6 {[%emt 0:01:29]} 29. d4 {[%emt 0:00:54]} exd4 {[%emt 0:00:54]} 30. Rxe8 {[%emt 0:00:05]} Rxe8 {[%emt 0:00:16]} 31. Rxe8 {[%emt 0:00:06]} Qxe8 {[%emt 0:00:13]} 32. cxd4 {[%emt 0:00:05]} Qd7 {[%emt 0:02:24]} 33. d5 {[%emt 0:02:06]} 1/2-1/2

[Event "26th Abu Dhabi Master 2019"]
[Site "Abu Dhabi"]
[Date "2019.08.03"]
[Round "3.32"]
[White "Sindarov, Javokhir"]
[Black "Mithil, Ajgaonkar"]
[Result "1-0"]
[WhiteElo "2479"]
[BlackElo "2314"]
[Annotator "ChessBase"]
[PlyCount "55"]
[EventDate "2019.08.02"]
[EventType "swiss"]
[EventCountry "UAE"]
[SourceTitle "playchess.com"]
[Source "ChessBase"]
[SourceQuality "1"]
[TimeControl "5400+30"]

1. e4 c6 2. d4 d5 3. f3 e6 4. Nc3 Bb4 5. Bd2 dxe4 6. Nxe4 Be7 7. c3 Nf6 8. Nxf6+ Bxf6 9. f4 Nd7 10. Be3 b6 11. Nf3 Bb7 12. Bd3 Qc7 13. O-O O-O 14. Ne5 Rad8 15. Qe2 c5 16. Bb5 Nb8 17. Rad1 Be7 18. f5 f6 19. Ng6 hxg6 20. fxg6 Rd5 21. Bf4 Qc8 22. Bc4 Qc6 23. dxc5 Bxc5+ 24. Kh1 Ba6 25. Rxd5 Qxd5 26. Qxe6+ Qxe6 27. Bxe6+ Kh8 28. Rf3 1-0

[Event "26th Abu Dhabi Master 2019"]
[Site "Abu Dhabi"]
[Date "2019.08.03"]
[Round "3.33"]
[White "Tahbaz, Arash"]
[Black "Eynullayev, Atilla"]
[Result "1-0"]
[WhiteElo "2461"]
[BlackElo "2228"]
[Annotator "ChessBase"]
[PlyCount "57"]
[EventDate "2019.08.02"]
[EventType "swiss"]
[EventCountry "UAE"]
[SourceTitle "playchess.com"]
[Source "ChessBase"]
[SourceQuality "1"]
[TimeControl "5400+30"]

1. Nf3 Nf6 2. g3 d5 3. Bg2 c5 4. O-O e6 5. d3 Nc6 6. Nbd2 g6 7. e4 Bg7 8. Re1 O-O 9. Qe2 b6 10. Nf1 e5 11. Ne3 dxe4 12. dxe4 Nd4 13. Qd1 Bb7 14. Nd2 b5 15. c3 Ne6 16. Qe2 a6 17. Rd1 Qb6 18. Nd5 Nxd5 19. exd5 Nc7 20. c4 f5 21. Nb3 f4 22. Qc2 Rad8 23. Bd2 bxc4 24. Qxc4 Qf6 25. d6+ Ne6 26. Bxb7 fxg3 27. fxg3 Qf2+ 28. Kh1 Rxd6 29. Rf1 1-0